| 000 | 00483pab a2200181 454500 | ||
|---|---|---|---|
| 008 | 180718b2008 xxu||||| |||| 00| 0 eng d | ||
| 100 | _aCuong, Nguyen Viet | ||
| 245 | _aIs a governmental micro-credit program for the poor really pro-poor? Evidence from Vietnam | ||
| 260 | _c2008 | ||
| 300 | _ap.151-87. | ||
| 362 | _aJun | ||
| 650 | _aPoverty - Vietnam | ||
| 650 | _aCredit - Vietnam | ||
| 650 | _aCredit | ||
| 773 | _aDeveloping Economies | ||
| 908 | _aN | ||
| 909 | _a78734 | ||
| 999 |
_c78734 _d78734 |
||